Paesi che producono la maggior parte delle mandorle - Statistics

Statistiche generali
  • Questo quiz è stato fatto 46 volte
  • Il punteggio medio è 14 su 20
Statistiche sulle risposte
1000
tonnellate
nazione % Corretto
75 Italia
100%
202 Spagna
98%
48 Cina
93%
66 Algeria
90%
2003 Stati Uniti
90%
85 Turchia
90%
113 Marocco
86%
9 Portogallo
86%
61 Tunisia
83%
29 Grecia
81%
34 Libia
74%
73 Australia
69%
148 Iran
52%
89 Siria
50%
9 Israele
45%
32 Libano
45%
22 Pakistan
45%
32 Cile
40%
33 Afghanistan
26%
27 Uzbekistan
14%
Nessun quiz corrispondente trovato
Distribuzione punteggi
Percentuale di utenti per punteggio
Percentile per numero di risposta
I tuoi punteggi nel tempo
Non hai fatto questo quiz